Science Quiz

Random Science Quiz
Score 0/11 Timer 10:00
0 Plays Today
Hint Answer % Correct
Control Center of the Cell/Contains DNA instructionsNucleus
91.2%
Produces proteins (Protein Synthesis)Ribosomes
73.5%
Performs oxidative respiration (powerhouse of the cell)Mitochondria
73.5%
Determines what may enter and leave the cell (and other functions)Cell Membrane
70.6%
Tough, outer covering of cells that is not found in animal cellsCell Wall
61.8%
Breaks down unwanted cellular materialLysosomes
58.8%
Packaging Center of the Cell/Modifies ProteinsGolgi Apparatus
58.8%
Tiny hair like structures that aid in cell movement and movement of materials around cellsCilia
52.9%
Network of vesicles outside nucleus that aids in protein transport (dotted with ribosomes)Rough Endoplasmic Reticulum
47.1%
Network of vesicles outside nucleus that aids in lipid synthesis and sugar breakdown (No ribosomes)Smooth Endoplasmic Reticulum
47.1%
Propeller like tail that allows for cell movementFlagella
44.1%
Remove Ads.
Support Sporcle.
Get the best of Sporcle when you Go Orange. This ad-free experience offers more features, more stats, and more fun while also helping to support Sporcle. Thank you for becoming a member.

You're not logged in!

Compare scores with friends on all Sporcle quizzes.
OR
Log In

Show Comments

Extras

Created Jan 7, 2015ReportNominate
Tags:function, organelle

Top Quizzes Today


Score Distribution

Your Account Isn't Verified!

In order to create a playlist on Sporcle, you need to verify the email address you used during registration. Go to your Sporcle Settings to finish the process.

Report this User

Report this user for behavior that violates our Community Guidelines.

Details: